Vzťah ekonomického rastu a nerovností bakalárska práca

Gespeichert in:
Bibliographische Detailangaben
1. Verfasser: Turnerová, Žaneta
Körperschaft: Národohospodárska fakulta EU. Katedra hospodárskej politiky
Weitere Verfasser: Morvay, Karol, 1973-
Format: Buch
Sprache:Slowakisch
Veröffentlicht: Bratislava 2017
Tags: Tag hinzufügen
Keine Tags, Fügen Sie das erste Tag hinzu!

MARC

LEADER 00000nbm a2200000 4500
001 0233715
005 20170801094746.5
041 0 |a slo 
044 |a SK 
245 1 0 |a Vzťah ekonomického rastu a nerovností  |b bakalárska práca  |c Žaneta Turnerová ; školiteľ: Karol Morvay 
264 1 |a Bratislava  |c 2017 
300 |a 43 s. 
100 1 |a Turnerová, Žaneta 
700 1 |a Morvay, Karol, 1973- 
710 2 |a Národohospodárska fakulta EU. Katedra hospodárskej politiky